| Tag |
First Indicator |
Second Indicator |
Subfields |
| LEADER |
00000cas a2200000 a 4500 |
| 001 |
in00000974591 |
| 005 |
20150927080915.0 |
| 008 |
900601d198u198ucc uu p 0uuue0chi d |
| 010 |
|
|
|a sn 90002055
|
| 022 |
|
|
|a 0459-1887
|
| 030 |
|
|
|a KLCPEA
|
| 035 |
|
|
|a (OCoLC)21664295
|
| 035 |
|
|
|9 AEV7567AM
|
| 040 |
|
|
|a NSD
|c NSD
|d UtOrBLW
|
| 041 |
0 |
|
|a chi
|a eng
|
| 042 |
|
|
|a msc
|
| 049 |
|
|
|a TXAE
|
| 090 |
|
|
|a Q4
|b .L5
|
| 245 |
0 |
0 |
|a Kuo li Chung hsing ta hsüeh li kung hsüeh pao = Journal of the College of Science & Engineering.
|
| 246 |
1 |
0 |
|a Journal of the College of Science & Engineering
|
| 264 |
|
1 |
|a Tʻai-chung :
|b Kuo li Chung hsing ta hsüeh li kung hsüeh yüan.
|
| 300 |
|
|
|a volumes :
|b illustrations ;
|c 26 cm.
|
| 336 |
|
|
|a text
|b txt
|2 rdacontent
|
| 337 |
|
|
|a unmediated
|b n
|2 rdamedia
|
| 338 |
|
|
|a volume
|b nc
|2 rdacarrier
|
| 500 |
|
|
|a Description based on volume 23 (Nov. 1986).
|
| 510 |
2 |
|
|a Chemical abstracts
|x 0009-2258
|b 1985-
|
| 546 |
|
|
|a Text in Chinese; and English.
|
| 710 |
2 |
|
|a Tʻai-wan sheng li chung hsing ta hsüeh.
|b Li kung hsüeh yüan.
|
| 780 |
0 |
0 |
|t Li kung hsüeh pao
|x 0459-1887
|w (DLC)sn 80012398
|
| 948 |
|
|
|a Title changed and ceased.
|
| 999 |
|
|
|a MARS
|
| 999 |
f |
f |
|s 735faffb-6db3-36e6-9fe9-59f5a845ed22
|i c906ba00-45eb-3895-8ea4-c19c73d421f6
|t 0
|
| 952 |
f |
f |
|p ric
|a Texas A&M University
|b Rellis Campus
|c Joint Library Facility
|d Remote Storage
|t 0
|e Q4 .L5
|h Library of Congress classification
|i unmediated -- volume
|k v.24
|l 1987
|m A14811314956
|
| 952 |
f |
f |
|p ric
|a Texas A&M University
|b Rellis Campus
|c Joint Library Facility
|d Remote Storage
|t 0
|e Q4 .L5
|h Library of Congress classification
|i unmediated -- volume
|k v.25
|l 1988
|m A14812328110
|
| 952 |
f |
f |
|p ric
|a Texas A&M University
|b Rellis Campus
|c Joint Library Facility
|d Remote Storage
|t 0
|e Q4 .L5
|h Library of Congress classification
|i unmediated -- volume
|k v.23
|l 1986
|m A14810964546
|
| 998 |
f |
f |
|a Q4 .L5
|s v.23-25 (1986-1988)
|t 0
|l Remote Storage
|